00411nam a2200121Ia 4500008004100000245007000041245001600111260000900127650001300136856004800149999001900197952007300216171211s9999 xx 000 0 und d 4aThe Shaman and the Heresiarch: A New Interpretation of the Li Sao cGopal Sukhu c2012 xReligion uhttp://down.ebook777.com/062/1438442831.pdf c350517d350517 001040aCLbCLd2017-12-11l0r2017-12-11 00:00:00w2017-12-11yCBE